00523nam a22001817a 4500003000400000008004100004082001700045100002700062245007900089260006800168300001000236502001700246650001700263650001200280650002700292650001100319650001100330OSt260430b |||||||| |||| 00| 0 eng d a634.44bS48P aSingh, Birendra Kumar. aPost-Harvest Studies of Mango (mangifera indica) cby Birendra Kumar Singh a.- Sabour, Bhagalpurb: Bihar Agricultural College, RAUc, 1988 a124p. bPh. D.d1988 aHorticulture aMangoes aPostharvest Technology aThesis aPh. D.